Регионална библиотека "Любен Каравелов" - Русе

Кралят и аз (Запис номер 420444)

MARC детайли
000 -Лидер
Контролно поле с фиксирана дължина 01811nam a2200397 c 4500
003 - Код на организацията, давaща контролен номер
Контролно поле BLK
005 - Дата и час на последна редакция
Контролно поле 20250703085624.0
008 - Елементи от данни с фиксирана дължина
fixed length control field 180408b bul|||||r ||||||| ||bul||
020 ## - Международен стандартен номер на книга ISBN
Международен стандартен номер на книга ISBN 9789543762019
040 ## - Източник на каталожния запис
Идентификатор на билиотеката - собственик на записа BLK
041 ## - Код за език
Код за езика на текст/звукозапис или на отделно заглавие Български
Код за езика КДБФ Български
080 ## - УДК
Текстов определител УДК Американска литература (на САЩ)
УДК код - определител по УДК 821.111(73)
УДК определител -94
УДК - код + определител 821.111(73)-94
080 ## - УДК
Текстов определител УДК Опера, музикална драма - изпълнители
УДК код - определител по УДК 782.1.071.2
УДК определител (45)(092)(0:82-94)
УДК - код + определител 782.1.071.2(45)(092)(0:82-94)
080 ## - УДК
Текстов определител УДК Италиански певец - тенор
УДК код - определител по УДК 929 Павароти, Лучано
УДК - код + определител 929 Павароти, Лучано
100 ## - Редна дума - Автор
Автор Бреслин, Хърбърт
Авторска отговорност първи автор
R(LIN) 458243
139 ## - Редно поле
Редна дума Бреслин, Хърбърт и др.
Авторски знак Пав - П 12
245 10 - Сведения за заглавието
Заглавие Кралят и аз
Подзаглавни данни Нецензурираната история за възхода на Лучано Павароти към славата, с помощта на неговия мениджър, приятел и на моменти - опонент
Редно поле (дума) Хърбърт Бреслин, Ан Миджет
257 ## - Страна на издаване
Страна на създаване/издаване Италия
260 ## - Област на издателските данни
Име на издателя, разпространителя и проч. Жануа '98
Година на издаване 2021
9 (RLIN) 396527
Място на издаване, разпространение и проч. София
300 ## - Физическа характеристика
Страници 321 с.
Илюстрации и др. с ил.
Размери/Мащаб 23 см
380 ## - Жанр
Жанр Худож. лит.
600 14 - Име на лице, използвано като предмет
За него / За нея Павароти, Лучано
9 (RLIN) 105180
650 #4 - Допълнително описание по предмет – тема
Основно описание – тема или топоним Оперни артисти, италиански
9 (RLIN) 246687
650 #4 - Допълнително описание по предмет – тема
Основно описание – тема или топоним Павароти, Лучано
9 (RLIN) 105180
651 #4 - Допълнително описание по предмет - топоним
Географско понятие Италия
9 (RLIN) 178965
653 ## - Ключова дума – ненормативна
Ключова дума оперни певци
653 ## - Ключова дума – ненормативна
Ключова дума Лучано Павароти
653 ## - Ключова дума – ненормативна
Ключова дума биографии
700 ## - Други автори (авторска отговорност)
Лично име Миджет, Ан
Автороска отговорност (Описва отношението между автора и произведението) съавт.
9 (RLIN) 458244
852 ## - Местоположение
Фондова буква Заемна - подръчен фонд
Систематично-азбучна сигнатура 821-94/П 12 Л
856 4# - Електронен адрес и достъп
Електронен формат pdf - файл
856 4# - Електронен адрес и достъп
Електронен формат pdf - файл
999 ## - СИСТЕМНИ КОНТРОЛНИ НОМЕРА
Koha biblionumber 420444
Koha biblioitemnumber 420444
942 ## - АРТИКУЛИ
Вид на библиотечния материал Книги
Скрит в OPAC Не
Koha issues (borrowed), all copies 48
Периодичен библиозапис Да
944 ## - СЪЗДАВАНЕ И РЕДАКЦИЯ на ЗАПИСА
Създаване/Редакция Създаване
Дата на регистрацията/редакция 2021-06-18
Служител, извършил регистрацията/редакцията 30576
Статус, дата на статуса Цветомила Тодорова
999 ## - СИСТЕМНИ КОНТРОЛНИ НОМЕРА
Koha biblioitemnumber 420444
Наличности
Код за отписване Код за изгубен артикул Източник на класификационната схема Код за повреда Коз за рестрикции Код за отдаване Артикулен № Име на библиотеката - собственик Име на библиотеката, в която се намира в момента Статус (Текущо местоположение) Дата на вписване в системата Местоположение - отдел Цена в лева Систематично азбучна сигнатура Баркод Цена в евро Служебен тип на артикула
  Не е изгубен Universal Decimal Classification Не е повреден без рестрикции заемане за дома 838128 Регионална библиотека "Любен Каравелов" Русе Регионална библиотека "Любен Каравелов" Русе Заемна - подръчен фонд 2021-06-18 Заемна - подръчен фонд 15.00 821-94/П 12 Л 120000857046 7.67 Книги
  Не е изгубен Universal Decimal Classification Не е повреден без рестрикции заемане за дома 838129 Регионална библиотека "Любен Каравелов" Русе Регионална библиотека "Любен Каравелов" Русе Заемна - подръчен фонд 2021-06-18 Заемна - подръчен фонд 15.00 821-94/П 12 Л 120000857045 7.67 Книги
  Не е изгубен Universal Decimal Classification Не е повреден само за читалня ползва се в читалня 858795 Регионална библиотека "Любен Каравелов" Русе Регионална библиотека "Любен Каравелов" Русе Хранилище 2021-10-26 Хранилище 25.00 Цб 309641 120000861201 12.78 Книги
Vip Innovations Ltd, Rousse, Bulgaria 2025